000 00614nam a22001817a 4500
999 _c195571
_d195571
005 20230405122042.0
010 _aENG-136603
020 _a9788184503630
_c680.00
035 _aEN-120135
037 _bDBAD/PUB
082 _a363.73874
100 _aChatterjee,Biswajit
245 _aClimate Change Trade And Natural Disasters /
_cBy Biswajit Chatterjee
260 _aNew Delhi
_bDeep &Deep Publications Pvt Ltd
_c2011
270 _aF-159, Rajouri Garden,
_bNew Delhi
_e110027
_k25435369
_k25440916
_mddpbooks@yahoo.co.in
300 _axiv,145p.;
_c25cm(hbk)
942 _2ddc
_cEN
_h363.73874
_mBIS